|
|
|
|
| LEADER |
00000nam a22000007a 4500 |
| 005 |
20170308234255.0 |
| 007 |
cr|||| |||| |
| 008 |
170308s2016 es |||||s|||| 00||0 spa d |
| 020 |
|
|
|a 978-84-9085-994-0
|
| 035 |
|
|
|a 14807
|
| 040 |
|
|
|a vLex
|
| 090 |
|
|
|c 6586
|d 6586
|
| 100 |
1 |
|
|a Rodriguez Palop, Maria Eugenia
|
| 245 |
1 |
0 |
|a Polt̕icas econm̤icas y derechos sociales
|h [Recurso electrn̤ico] /
|c Maria Eugenia Rodriguez Palop, Montserrat Abad Castelos, M® Cruz Llamazares Calzadilla
|
| 256 |
|
|
|a Servicio en ln̕ea
|
| 260 |
|
|
|a Madrid:
|b Dykinson,
|c 2016
|
| 300 |
|
|
|a 1 recurso electrn̤ico
|
| 500 |
|
|
|a La monografa̕ que el lector tiene entre sus manos recoge las ponencias y comunicaciones presentadas en la VI edicin̤ del Seminario Internacional Permanente que, durante el curso acadm̌ico 2015-2016, organiz ̤el Departamento de Derecho Internacional, Eclesis̀tico y Filosofa̕ del Derecho de la Universidad Carlos III de Madrid. En correspondencia, el presente ejemplar constituye el sexto nm︢ero de la ±Coleccin̤ Gregorio Peces-Barba». Las polt̕icas econm̤icas y los derechos sociales fueron los temas elegidos para ser debatidos en el Seminario. Ambas temt̀icas ocupan un lugar destacado en la agenda de los estudiosos del Derecho, tanto por la interrelacin̤ que existe entre ambos bienes como por el protagonismo y la relevancia que han adquirido en momentos de cambio como los que vivimos. La profunda crisis econm̤ica que ha experimentado la economa̕ mundial, y muy especialmente algunas economa̕s europeas, como la espaǫla, est ̀teniendo consecuencias en la formulacin̤ de los derechos sociales, que en numerosas ocasiones han sido redefinidos por los poderes pb︢licos para limitar su alcance y contenido. En el caso concreto de nuestro pas̕, el modelo social que garantiza el acceso de todos los sectores de la sociedad a los servicios pb︢licos esenciales ha sido muy duramente atacado y limitado en m̀bitos centrales, como la educacin̤, la sanidad y la justicia. La LOMCE supone un intento serio de privatizar nuestro modelo educativo, pese a que un porcentaje importante de este ya est ̀gestionado por empresas de titularidad privada mediante el sistema de conciertos educativos...
|
| 506 |
1 |
|
|a Disponible solo en los productos indicados
|d vLex Global
|d vLex Global (Academic Edition, excluding Law Schools)
|d vLex Global (U.S. Academic Edition, Law Schools)
|d vLex Global (U.S. Academic Edition, excluding Law Schools)
|d vLex Global (Academic Edition, Law Schools)
|
| 650 |
0 |
4 |
|a Derecho Civil
|z Espaą
|
| 650 |
0 |
4 |
|a Ciencias sociales
|z Espaą
|
| 650 |
0 |
4 |
|a Filosofa̕ y religin̤
|z Espaą
|
| 700 |
1 |
|
|a Abad Castelos, Montserrat
|
| 700 |
1 |
|
|a Llamazares Calzadilla, M® Cruz
|
| 740 |
0 |
|
|a vLex Libros (Servicio en ln̕ea)
|
| 856 |
4 |
0 |
|u http://vlex.com/source/politicas-economicas-y-derechos-sociales-14807
|z Acceso restringido
|
| 942 |
|
|
|c BOOK
|
| 999 |
0 |
|
|a Civil Law
|
| 999 |
0 |
|
|a Social sciences
|
| 999 |
0 |
|
|a Philosophy and religion
|